Alle 72 Städte Deutschlands mit O - Statistiken

Allgemein
  • Dieses Quiz wurde 57 mal gespielt
  • Das Durchschnittsergebnis liegt bei 13 aus 72
Antwortstatistiken
Landkreis Stadt % Korrekt
\ (kreisfrei) Offenbach
87%
\ (kreisfrei) Oldenburg
84%
Ostholstein Oldenburg (Holstein)
84%
\ (kreisfrei) Oberhausen
82%
O**e Olpe
78%
Ortenaukreis Offenburg
71%
\ (kreisfrei) Osnabrück
69%
O*t**h**z Osterholz-Scharmbeck
51%
Oberhavel Oranienburg
40%
Rheinisch-Bergischer Kreis Overath
29%
Börde Oschersleben
27%
Hochtaunuskreis Oberursel
24%
Würzburg Ochsenfurt
24%
Göttingen Osterode
24%
Warendorf Oelde
22%
Recklinghausen Oer-Erkenschwick
22%
Mainz-Bingen Oppenheim
22%
Nordsachsen Oschatz
22%
Rottweil Oberndorf
20%
Hohenlohekreis Öhringen
20%
Fürstenfeldbruck Olching
20%
Miltenberg Obernburg
18%
Erzgebirgskreis Oberwiesenthal
16%
Lippe Oerlinghausen
16%
Schmalkalden-Meiningen Oberhof
13%
Biberach Ochsenhausen
13%
Barnim Oderberg
13%
Gotha Ohrdruf
13%
Esslingen Ostfildern
13%
Darmstadt-Dieburg Ober-Ramstadt
11%
O*f**b**h Obertshausen
11%
Steinfurt Ochtrup
11%
Coesfeld Olfen
11%
Hochsauerlandkreis Olsberg
11%
Stendal Osterburg
11%
Cuxhaven Otterndorf
11%
Neunkirchen Ottweiler
11%
Rhein-Hunsrück-Kreis Oberwesel
9%
Erzgebirgskreis Oelsnitz/Erzgeb.
9%
Vogtlandkreis Oelsnitz/Vogtl.
9%
Harz Osterwieck
9%
Görlitz Ostritz
9%
Ortenaukreis Oberkirch
7%
Mittelsachsen Oederan
7%
Rheingau-Taunus-Kreis Oestrich - Winkel
7%
Donau-Ries Oettingen
7%
Erzgebirgskreis Olbernhau
7%
Wetteraukreis Ortenberg
7%
Neckar-Odenwald-Kreis Osterburken
7%
Karlsruhe Östringen
7%
Harz Oberharz
4%
Schaumburg Obernkirchen
4%
Schwandorf Oberviechtach
4%
Wittenberg Oranienbaum-Wörlitz
4%
Saale-Holzland-Kreis Orlamünde
4%
Deggendorf Osterhofen
4%
Rhön-Grabfeld Ostheim
4%
Alzey-Worms Osthofen
4%
Esslingen Owen
4%
Fürth Oberasbach
2%
Ostalbkreis Oberkochen
2%
Odenwaldkreis Oberzent
2%
Ortenaukreis Oppenau
2%
Oberspreewald-Lausitz Ortrand
2%
Burgenlandkreis Osterfeld
2%
Karlsruhe Oberderdingen
0%
Zwickau Oberlungwitz
0%
Donnersbergkreis Obermoschel
0%
Ludwigsburg Oberriexingen
0%
Börde Oebisfelde-Weferlingen
0%
Ansbach Ornbau
0%
Kaiserslautern Otterberg
0%
Keine übereinstimmenden Quizze gefunden
Verteilung der Resultate
Anzahl Personen mit jedem Resultat
Perzentil nach korrekt beantworteten Fragen
Ihre Resultats-Entwicklung
Sie haben dieses Quiz noch nicht gespielt